Reach "Geography" By Geography Questions - Statistics

General Stats
  • This quiz has been taken 54 times
  • The average score is 7 of 13
Answer Stats
Hint Answer % Correct
Largest Country In Africa Algeria
100%
Series Of Islands That Are Connected Under Water(A Cluster Of Islands) Archipelago
71%
Place In A Desert In Which Water Rises To The Surface Oasis
71%
With Amsterdam As It's Capital Netherlands
59%
The Ocean Surrounding Antarctica Southern
59%
Second Largest Ocean Atlantic
56%
Solve The Puzzle -- LVOKAAIS Slovakia
51%
Country With A Name Same To A Lake's Name Chad
49%
Structure That Holds Back Water On A River, Creek, Or Stream D_ _{Dam}
49%
Country Starting With M Bordering India Myanmar
41%
A Growth Of Coral Which Forms Around An Island And Creates A Lagoon R_ e _==>{Reef}
41%
Field Of Science Devoted To The Study Of The Lands, The Features,The Inhabitants, And The Phenomena Of Earth Geography
34%
Visible Cloud Water Droplets Or Ice Crystals Suspended In The Air at Or Near The Earth's Surface F_ _==>{Fog}
29%
No matching quizzes found
Score Distribution
Percent of People with Each Score
Percentile by Number Answered
Your Score History
You have not taken this quiz